การประชุมร่วมกันของประธานสภาผู้แทนราษฎร และประธานคณะกรรมาธิการสามัญของสภาผู้แทนราษฎร ตามรัฐธรรมนูญแห่งราชอาณาจักรไทย พุทธศักราช 2540 / (ระเบียนเลขที่ 107819)
| 000 -LEADER | |
|---|---|
| fixed length control field | 03028nam a2200253 4500 |
| 003 - CONTROL NUMBER IDENTIFIER | |
| control field | NALT |
| 005 - DATE AND TIME OF LATEST TRANSACTION | |
| control field | 20260304104740.0 |
| 008 - FIXED-LENGTH DATA ELEMENTS--GENERAL INFORMATION | |
| fixed length control field | 260227b th ||||| |||| 00| 0 tha d |
| 040 ## - CATALOGING SOURCE | |
| Original cataloging agency | NALT |
| 090 ## - LOCALLY ASSIGNED LC-TYPE CALL NUMBER (OCLC); LOCAL CALL NUMBER (RLIN) | |
| Classification number (OCLC) (R) ; Classification number, CALL (RLIN) (NR) | KD 255.1 |
| Local cutter number (OCLC) ; Book number/undivided call number, CALL (RLIN) | ส226ก 2550 |
| 110 2# - MAIN ENTRY--CORPORATE NAME | |
| Corporate name or jurisdiction name as entry element | สำนักงานเลขาธิการสภาผู้แทนราษฎร. |
| Subordinate unit | สำนักงานประธานสภาผู้แทนราษฎร. |
| -- | กลุ่มงานประธานสภาผู้แทนราษฎร |
| 9 (RLIN) | 27840 |
| 245 10 - TITLE STATEMENT | |
| Title | การประชุมร่วมกันของประธานสภาผู้แทนราษฎร และประธานคณะกรรมาธิการสามัญของสภาผู้แทนราษฎร ตามรัฐธรรมนูญแห่งราชอาณาจักรไทย พุทธศักราช 2540 / |
| Statement of responsibility, etc. | กลุ่มงานประธานสภาผู้แทนราษฎร สำนักงานประธานสภาผู้แทนราษฎร สำนักงานเลขาธิการสภาผู้แทนราษฎร. |
| 250 ## - EDITION STATEMENT | |
| Edition statement | พิมพ์ครั้งที่ 1. |
| 260 ## - PUBLICATION, DISTRIBUTION, ETC. | |
| Place of publication, distribution, etc. | กรุงเทพฯ : |
| Name of publisher, distributor, etc. | สำนักการพิมพ์ สำนักงานเลขาธิการสภาผู้แทนราษฎร, |
| Date of publication, distribution, etc. | 2550. |
| 300 ## - PHYSICAL DESCRIPTION | |
| Extent | 17 หน้า ; |
| Dimensions | 20 ซม. |
| 505 2# - FORMATTED CONTENTS NOTE | |
| Formatted contents note | ก. บทนำ -- ข. บทบาทอำนาจหน้าที่ของที่ประชุมร่วมกันของประธานสภาผู้แทนราษฎรและประธานคณะกรรมาธิการสามัญ ของสภาผู้แทนราษฎรทุกคณะ -- 1. อำนาจหน้าที่ตามรัฐธรรมนูญแห่งราชอาณาจักรไทย พุทธศักราช 2540 -- 2. อำนาจหน้าที่ตามพระราชบัญญัติสถาบันพระปกเกล้า พ.ศ. 2541 -- 3. อำนาจหน้าที่ตามข้อบังคับการประชุมสภาผู้แทนราษฎร พ.ศ. 2544 ข้อ 86 -- 4. การพิจารณาเรื่องสำคัญ ๆ ในวงงานของสภาผู้แทนราษฎรและรัฐสภา. |
| 650 #4 - SUBJECT ADDED ENTRY--TOPICAL TERM | |
| Topical term or geographic name entry element | ประธานสภาผู้แทนราษฎร |
| General subdivision | หน้าที่ |
| 9 (RLIN) | 67433 |
| 650 #4 - SUBJECT ADDED ENTRY--TOPICAL TERM | |
| Topical term or geographic name entry element | ประธานคณะกรรมาธิการวิสามัญ สภาผู้แทนราษฎร |
| General subdivision | หน้าที่ |
| 9 (RLIN) | 26860 |
| 942 ## - ADDED ENTRY ELEMENTS (KOHA) | |
| Source of classification or shelving scheme | Local Classification |
| Koha item type | Law Book |
| 996 ## - STAFF PROCESSING RECORDS (NALT) | |
| Staff name | jidapa.t |
| Staff type | ACQSTF |
| Acquisition or Cataloging date | 2026-02-27 |
| 996 ## - STAFF PROCESSING RECORDS (NALT) | |
| Staff name | varee.k |
| Staff type | LIBSTF |
| Acquisition or Cataloging date | 2026-03-02 |
| 996 ## - STAFF PROCESSING RECORDS (NALT) | |
| Staff name | saiphon.d |
| Staff type | CATSTF |
| Acquisition or Cataloging date | 2026-03-04 |
| 998 ## - STAFF NAME (NALT) | |
| -- | 104 |
| -- | นางสาวสายฝน ดีงาม |
| Withdrawn status | Lost status | Source of classification or shelving scheme | Damaged status | Not for loan | Collection code | Home library | Current library | Shelving location | Date acquired | Source of acquisition | Total Checkouts | Full call number | Barcode | Date last seen | Price effective from | Koha item type |
|---|---|---|---|---|---|---|---|---|---|---|---|---|---|---|---|---|
| Local Classification | Law Book collection | National Assembly Library of Thailand | National Assembly Library of Thailand | Law Book shelves | 27/02/2026 | หน่วยงานภาครัฐ | KD 255.1 ส226ก 2550 | 3961216200 | 27/02/2026 | 27/02/2026 | Law Book |
